| 000 | 00666nam a22002171 4500 | ||
|---|---|---|---|
| 001 | bimo0001011873 | ||
| 003 | OSt | ||
| 005 | 20141027093415.0 | ||
| 008 | 920725s1970 sp spa | ||
| 040 | _cBMC | ||
| 082 | _a865.64 | ||
| 100 | 1 |
_aIglesias, Antonio _926861 |
|
| 245 | 1 | 0 |
_aTreinta años de novela española 1938-1968 _nVol. I _cAntonio Iglesias Laguna |
| 250 | _a2ª ed | ||
| 260 |
_aMadrid _bPrensa Española _c1970 |
||
| 300 |
_a394 p. _c21 cm |
||
| 490 | 0 | _aLos Tres Dados | |
| 505 | _aEn la port.: Premio Nacional de Literatura "Emilia Pardo Bazán 1969" | ||
| 650 | 2 | 4 |
_aNovela española _yS.XX _xHistoria y crítica _918943 |
| 942 |
_2ddc _cBK |
||
| 999 |
_c14767 _d14767 |
||